00623nam a2200121 a 450000500170000000800410001705000170005824500250007526000670010030000350016752002700020265000290047220140414093841.0071030s19uu xx uuu eng d aDVD 790bCOL aColors of the blind. aChina :bCentre of International Cultural Exchange, China for. a1 videodisk (90 min.) ; sd. co a A blind girl named Ding Lihua is full of vigor and cherishes the beautiful visions for life and love. She had the opportunity to be trained professionally as an athlete. Sports built her character and it made her understand that life is more than falling in love. aCultural Center of China